1600 1854 1430 1159 1872 1170 1290 1745 1617 1539 1509 1065 1591 1084 1367 1592 1631 1709 1027 1272 1333 1778 1400 1176 1865 1036 1411 1645 1898 1258 1366 1231 1295 1057 1808 1223 1773 1765 1523 1189 1656 1763 1327 1070 1137 1489 1179 1501 1661 1798 1889 1611 1021 1833 1316 1933 1248 1040 1102 1800 1440 1744 1009 1093 1803 1139 1912 1352 1124 1478 1207 1414 1104 1030 1565 1447 1119 1623 1435 1800 1608 1930 1688 1453 1466 1253 1340 1129 1121 1653 1991 1691 1290 1238 1031 1964 1977 1158 1174 BCNSPRNW ULIB Ver.6.0+V

เปลี่ยนเป็นภาษาไทย

Change to English
 แสดงรายละเอียดบรรณานุกรม
  กลับหน้าหลัก

Brief Record : Get Marc (ISO 2709) : E-mail record : QR code < ปิดหน้าต่าง
LEADER : 00000nam 2200000uu 4500
001    13399128211
003     ULIB
008    220815s2020||||th 000 0 tha d
020    ^a9781284044799
060 04 ^aQV37^bP536
245 00 ^aPharmacology for nurses /^cEdited by Blaine Templar Smith
250    ^a2rd
260    ^aBurlington :^bJones & Bartlett Learning,^c2020
300    ^axx, 539 p. ;^c28 cm.
504    ^aIncludes bibliographical references and index
650  0 ^aPharmacology
650  0 ^aNursing
650  2 ^aDrug Therapy^xnursing
650  2 ^aPharmacological Phenomena^vNurses Instruction
650  2 ^aPharmacology^vNurses Instruction
700 1  ^aSmith, Blaine Templar,^eed.
945    ^p0^l0^i009315
999    ^aประนอม เกษจรัล
รายการนี้ยังไม่มีแท็ก
คุณยังไม่ได้ล็อกอิน คุณสามารถมีกิจกรรมร่วมกับเว็บไซต์ได้ แต่ต้องล็อกอินก่อน ::
  ล็อกอิน

รายการสื่อสารสนเทศ

ลำดับที่ ประเภท เลขเรียก/บาร์โค้ด สถานที่ สถานะ
1. วิทยาศาสตร์การแพทย์ และสุขภาพ
หนังสือสำรอง
สถานะ=หนังสือสำรอง
QV37 P536 ฉ.1 
  Barcode: 009315
ห้องสมุดวิทยาเขตสวรรค์ประชารักษ์
►หนังสือทั่วไป
บนชั้น

รายการใกล้เคียง
    หัวเรื่อง [Pharmacology]
    หัวเรื่อง [Nursing]

BibComment


ยังไม่เคยถูกคอมเมนท์

คอมเมนท์ทรัพยากรรายการนี้
  คอมเมนท์: Pharmacology for..


 Copyright 2026. Bcnsprnw @Library